Prieskumy odhaľujú bariéry pre investorov
Stomiliónová investícia španielskej spoločnosti Gestamp. Výsledky prieskumov týkajúcich sa atraktivity a bariér podnikania na Slovensku. Hlavné bariéry zahraničných investícií. Daň z dividend ako najväčšie zlo.
Guardado en:
| Autor principal: | |
|---|---|
| Formato: | Capítulo de libro |
| Lenguaje: | eslovaco |
| Materias: | |
| Etiquetas: |
Sin Etiquetas, Sea el primero en etiquetar este registro!
|
MARC
| LEADER | 00000naa a2200000 4500 | ||
|---|---|---|---|
| 001 | 0221837 | ||
| 005 | 20231113105635.7 | ||
| 041 | 0 | |a slo | |
| 044 | |a SK | ||
| 245 | 1 | 0 | |a Prieskumy odhaľujú bariéry pre investorov |c Xénia Makarová |
| 520 | |a Stomiliónová investícia španielskej spoločnosti Gestamp. Výsledky prieskumov týkajúcich sa atraktivity a bariér podnikania na Slovensku. Hlavné bariéry zahraničných investícií. Daň z dividend ako najväčšie zlo. | ||
| 610 | 2 | 0 | |a investície zo zahraničia |
| 610 | 2 | 0 | |a priemysel automobilový |
| 610 | 2 | 0 | |a podnikanie |
| 610 | 2 | 0 | |a bariéry investičné |
| 610 | 2 | 0 | |a bariéry podnikania |
| 610 | 2 | 0 | |a odvody |
| 610 | 2 | 0 | |a dane |
| 610 | 2 | 0 | |a konkurencieschopnosť |
| 610 | 2 | 0 | |a legislatíva |
| 610 | 2 | 0 | |a Slovensko |
| 100 | 1 | |a Makarová, Xénia | |